| 000 | 00674nam a22001817a 4500 | ||
|---|---|---|---|
| 008 | 160204b xxu||||| |||| 00| 0 eng d | ||
| 020 | _a0395067669 | ||
| 082 |
_21943 _aDK12 973.3 _bF692 |
||
| 100 |
_92420 _aForbes, Esther. |
||
| 245 |
_aJohnny Tremain : _ba story of Boston in revolt / _cEsther Forbes; illustrated by Lynd Ward. |
||
| 260 |
_aBoston : _bHoughton Mifflin Company, _cc1943. |
||
| 300 |
_a256 pages : _billustrations ; _c21 cm. |
||
| 521 | _a | ||
| 650 | 0 |
_92422 _aUnited States _vJuvenile fiction _xHistory _y1775-1783, Revolution |
|
| 650 | 0 |
_92423 _aUnited States _vFiction _xHistory _y1775-1783, Revolution |
|
| 700 |
_92425 _aWard, Lynd., ill. |
||
| 942 |
_2ddc _cDC |
||
| 999 |
_c905 _d905 |
||